Stable in Bethlehem (Record no. 11805)
[ view plain ]
| 000 -LEADER | |
|---|---|
| fixed length control field | 00251nam a22000977a 4500 |
| 008 - FIXED-LENGTH DATA ELEMENTS--GENERAL INFORMATION | |
| fixed length control field | 200220b ||||| |||| 00| 0 eng d |
| 020 ## - INTERNATIONAL STANDARD BOOK NUMBER | |
| International Standard Book Number | 9780545515498 |
| 100 ## - MAIN ENTRY--PERSONAL NAME | |
| Personal name | Hulme,N.Joy |
| 9 (RLIN) | 7486 |
| 245 ## - TITLE STATEMENT | |
| Title | Stable in Bethlehem |
| 260 ## - PUBLICATION, DISTRIBUTION, ETC. (IMPRINT) | |
| Place of publication, distribution, etc. | New York |
| Name of publisher, distributor, etc. | Scholastic |
| Date of publication, distribution, etc. | 2012 |
| Withdrawn status | Lost status | Source of classification or shelving scheme | Damaged status | Koha normalized classification for sorting | Not for loan | Home library | Current library | Shelving location | Date acquired | Total Checkouts | Full call number | Barcode | Date last seen | Price effective from | Koha item type |
|---|---|---|---|---|---|---|---|---|---|---|---|---|---|---|---|
| Dewey Decimal Classification | 226_000000000000000_JUNLIB | Good Samaritan School Library | Good Samaritan School Library | RELIGION | 02/20/2020 | 226 JUNLIB | HUL15838 | 02/20/2020 | 02/20/2020 | BOOK |